Normal view
MARC view
- Hattū Rām.
Entry Personal Name
001 - CONTROL NUMBER
- control field: 6346
003 - CONTROL NUMBER IDENTIFIER
- control field: NUST
005 - DATE AND TIME OF LATEST TRANSACTION
- control field: 20171114095532.0
008 - FIXED-LENGTH DATA ELEMENTS
- fixed length control field: 171114|| aca||aabn | a|a d
040 ## - CATALOGING SOURCE
- Original cataloging agency: NUST
- Transcribing agency: NUST
100 ## - HEADING--PERSONAL NAME
- Personal name: Hattū Rām.
670 ## - SOURCE DATA FOUND
- Source citation: Work cat.: (NUST)0: 880-01 Hattū Rām., Tārīk̲h̲-i Balocistān /, 2009.
